Molecular spectroscopy

Main Author: Brown, John M.
Language:English
Published: Oxford: Oxford University Press, 1998.
Series:Oxford chemistry primers; 55
Subjects:
LEADER 00718cam a2200205 7i4500
001 0000025002
005 20081106090000.0
008 081106s1998 eng
020 # 0 |a 019855785X (pbk.)  
020 # 0 |a 9780198557852 (pbk.)  
090 0 0 |a QD 96 .M65   |b B7 1998 
100 1 # |a Brown, John M.  
245 1 0 |a Molecular spectroscopy   |c John M. Brown. 
260 # # |a Oxford:   |b Oxford University Press,   |c 1998. 
300 # # |a vi, 89 p.:   |b ill.;   |c 25 cm.. 
490 0 0 |a Oxford chemistry primers;   |v 55 
504 0 0 |a Includes bibliographical references (p. [87]) and index 
650 0 0 |a Molecular spectroscopy  
999 |a 1100010714  |b Book  |c Open Shelf  |e KOLEKSI TERBUKA 
999 |a 1100059183  |b Book  |c Open Shelf  |e KOLEKSI TERBUKA